00706nam a2200253Ia 4500008004100000041001200041082001000053082001100063100001700074100001100091245004400102260001100146260003800157260000900195300001500204365002500219650001300244650001400257650001800271650001300289942000700302999001900309952012400328150909s9999 xx 000 0 und d aEnglish a589.3 bDAR/AL aDarley W.M  eAuthor aAlgal biology: a physiological approach aOxford bBlackwell Scientific Publications c1982 a168 Pages aUKP.7.80  aAlgology aPhycology aphytoplankton aSeaweeds cBK c234586d234586 00104070aKAUCOAbKAUCOAd2015-09-16g0.00l0o589.3 DAR/ALpKAU-COA-18172 r2015-09-16 00:00:00w2015-09-16yBK